[Event "Westland (MEX/4)"]
[Site "?"]
[Date "1985.??.??"]
[Round "?"]
[White "Petranovich, J.."]
[Black "Carroll, Deuvoy"]
[Result "0-1"]
[WhiteElo "2170"]
[BlackElo "2120"]
[PlyCount "206"]
[EventDate "1985.??.??"]

1. f4 Nf6 2. Nf3 d5 3. e3 Bg4 4. Be2 Nbd7 5. O-O e6 6. d3 Bd6 7. Nbd2 O-O 8.
Qe1 c6 9. h3 Bxf3 10. Bxf3 e5 11. f5 Qe7 12. e4 dxe4 13. dxe4 h6 14. Kh1 Rad8
15. Nc4 Bc5 16. c3 Nb6 17. Na5 Rd7 18. Nb3 Bd6 19. g4 Nh7 20. h4 Bc7 21. Rg1
Rd3 22. Kg2 Rfd8 23. Be2 R3d7 24. Qg3 f6 25. Kh1 Na4 26. Rb1 Bb6 27. Be3 Nc5
28. Nxc5 Bxc5 29. Rbd1 Rxd1 30. Rxd1 Rxd1+ 31. Bxd1 Kf8 32. b4 Bb6 33. Bxb6
axb6 34. Qe3 Qd6 35. Bb3 Qd8 36. Qe2 b5 37. c4 Qd4 38. cxb5 cxb5 39. Qc2 Ke7
40. Qc7+ Qd7 41. Qc5+ Kd8 42. Bd5 Qc7 43. Qxb5 Qc1+ 44. Kg2 Qd2+ 45. Kf1 Qd1+
46. Kf2 Qd2+ 47. Qe2 Qxb4 48. Bb3 Nf8 49. Qd3+ Kc7 50. Qc4+ Qxc4 51. Bxc4 Nd7
52. Ke3 Kd6 53. Kd2 Kc5 54. Kc3 b5 55. Be6 Nb6 56. Bb3 b4+ 57. Kd3 Nc8 58. Ba4
Nd6 59. Bb3 Nb5 60. Ba4 Nd4 61. Bb3 Nf3 62. h5 Ng5 63. Ke3 Nh3 64. Bg8 Kb5 65.
Bb3 Ka5 66. Ke2 Kb5 67. Ke3 Ng5 68. Kd3 Nf3 69. Ke3 Nd4 70. Kd3 Kc5 71. Bd1 Nb5
72. Ba4 Nc7 73. Bb3 Kb5 74. Bd1 Na6 75. Bb3 Nc5+ 76. Ke3 Na4 77. Kd3 Nb2+ 78.
Kc2 Nc4 79. Kd3 Na3 80. Bf7 Nb1 81. Bb3 Na3 82. Bf7 Kc5 83. Bb3 Nb5 84. Bd1 Nd4
85. Bb3 Nf3 86. Bd1 Ng5 87. Bb3 Nh3 88. Ke3 Nf4 89. Bf7 Nh3 90. Bb3 Kb5 91. Ke2
Kc5 92. Bf7 Kd4 93. Be8 Kxe4 94. Bc6+ Kd4 95. Bb7 e4 96. Ba6 Nf4+ 97. Ke1 e3
98. Bb5 Nd5 99. Bd7 Nc3 100. Be6 e2 101. Kd2 Ke4 102. Bc4 Kf3 103. Ke1 Kxg4 0-1

[Event "Westland (SEMO Res/1b/14)"]
[Site "?"]
[Date "1985.??.??"]
[Round "?"]
[White "Patterson, M.."]
[Black "Sutter, P.."]
[Result "1-0"]
[WhiteElo "1605"]
[BlackElo "1740"]
[PlyCount "83"]
[EventDate "1985.??.??"]

1. Nf3 e6 2. g3 d5 3. Bg2 b6 4. O-O Bb7 5. d3 c5 6. Nbd2 Bd6 7. e4 d4 8. Nc4
Ne7 9. a4 Nbc6 10. e5 Bc7 11. Bf4 Nd5 12. Qd2 h6 13. Rfe1 Qd7 14. Re2 O-O-O 15.
Qc1 g5 16. Bd2 f6 17. exf6 Nxf6 18. Nfe5 Nxe5 19. Nxe5 Bxe5 20. Rxe5 Bxg2 21.
Kxg2 Ng4 22. Re2 Qd5+ 23. Kg1 Rhf8 24. f4 gxf4 25. Bxf4 Qf3 26. Qf1 Qxf1+ 27.
Rxf1 e5 28. Bxe5 Rxf1+ 29. Kxf1 Ne3+ 30. Kg1 Rf8 31. Bf4 Kd7 32. Bxe3 dxe3 33.
Rxe3 Kd6 34. Kg2 Rf5 35. h3 a6 36. g4 Re5 37. Rxe5 Kxe5 38. Kg3 Kf6 39. Kf4 Kg6
40. c3 b5 41. a5 Kf6 42. d4 1-0

[Event "Westland (SEMO Res/3/31)"]
[Site "?"]
[Date "1985.??.??"]
[Round "?"]
[White "Patterson, M.."]
[Black "DeJongh, John"]
[Result "0-1"]
[WhiteElo "1605"]
[BlackElo "1615"]
[PlyCount "62"]
[EventDate "1985.??.??"]

{3/(31)} 1. Nf3 Nc6 2. g3 e5 3. d3 d5 4. c4 dxc4 5. Qa4 cxd3 6. Nxe5 Qd5 7.
Nxc6 bxc6 8. e4 Qd6 9. Bxd3 Bd7 10. Qc2 Nf6 11. O-O Ng4 12. Bf4 Ne5 13. Nd2
Qxd3 14. Qxd3 Nxd3 15. Bxc7 Nxb2 16. Nf3 f6 17. e5 Rc8 18. Rfe1 Nd3 19. Re3
Rxc7 20. exf6+ Kf7 21. Rxd3 gxf6 22. Rad1 Be6 23. a4 Bd5 24. Nd4 Bb4 25. Nf5
Re8 26. Nd4 Re1+ 27. Rxe1 Bxe1 28. Rd1 Bb4 29. Kf1 a6 30. Nxc6 Bxc6 31. Rc1
Bg2+ 0-1

[Event "East Lansing (MI Op/2/35)"]
[Site "?"]
[Date "1985.??.??"]
[Round "?"]
[White "Owens, James"]
[Black "Morneau, F.."]
[Result "1-0"]
[WhiteElo "1860"]
[BlackElo "1660"]
[PlyCount "43"]
[EventDate "1985.??.??"]

{2/(35)} 1. e4 e5 2. Nf3 Nc6 3. Bb5 a6 4. Ba4 Nf6 5. O-O b5 6. Bb3 Be7 7. Re1
O-O 8. c3 d6 9. h3 Na5 10. Bc2 c5 11. d4 Nc6 12. Be3 Qc7 13. Nbd2 Rd8 14. d5
Nb8 15. Rf1 Nxe4 16. Nxe4 f5 17. Neg5 h6 18. Ne6 Bxe6 19. dxe6 f4 20. Qd3 Bf6
21. Qh7+ Kf8 22. Nh4 1-0

[Event "East Lansing (MI Op/4/15)"]
[Site "?"]
[Date "1985.??.??"]
[Round "?"]
[White "Owens, James"]
[Black "Mason, D.."]
[Result "1-0"]
[WhiteElo "1860"]
[BlackElo "2035"]
[PlyCount "133"]
[EventDate "1985.??.??"]

{4/(15)} 1. d4 Nf6 2. Nf3 b6 3. g3 e6 4. Bg2 Bb7 5. c4 d5 6. cxd5 exd5 7. O-O
Be7 8. Nc3 O-O 9. Ne5 Nbd7 10. f4 c5 11. e3 Ne4 12. f5 Rc8 13. Nxe4 dxe4 14.
Bd2 Bf6 15. Bc3 Re8 16. Ng4 Qe7 17. Nxf6+ Nxf6 18. Qe2 Nd5 19. Rae1 Rc7 20. Qg4
f6 21. Rf2 b5 22. Ba5 Rc6 23. dxc5 Rxc5 24. a3 Qe5 25. Rd2 Bc8 26. Bh3 Ne7 27.
Qd1 Nxf5 28. Bb4 Nxe3 29. Qb3+ Nc4 30. Bg2 e3 31. Bxc5 Qxc5 32. Rd5 Na5 33.
Rxc5+ Nxb3 34. Bd5+ Be6 35. Bxe6+ Rxe6 36. Rc8+ Kf7 37. Rc7+ Kg6 38. Rxa7 Nd2
39. Re2 Nf3+ 40. Kg2 Nd2 41. a4 bxa4 42. Rxa4 h5 43. Rd4 Kf5 44. Rd5+ Kg6 45.
b4 Re4 46. b5 Nb1 47. Rc5 Nd2 48. Rd5 Nb1 49. Kf3 Rb4 50. Rxe3 Rb2 51. h3 Nd2+
52. Kf2 Ne4+ 53. Ke1 Ng5 54. h4 Nf7 55. Kd1 Ne5 56. Kc1 Rb4 57. Kc2 Kf7 58. Rb3
Rxb3 59. Kxb3 Ke6 60. Rd1 Nd7 61. Kb4 g5 62. Ka5 gxh4 63. gxh4 f5 64. b6 Nxb6
65. Kxb6 Ke5 66. Kc5 Kf4 67. Rg1 1-0

[Event "East Lansing (MI Op/6/15)"]
[Site "?"]
[Date "1985.??.??"]
[Round "?"]
[White "Owens, James"]
[Black "Graves, J.."]
[Result "1-0"]
[WhiteElo "1845"]
[BlackElo "1925"]
[PlyCount "39"]
[EventDate "1985.??.??"]

{6/(15)} 1. e4 c5 2. Nf3 e6 3. d4 cxd4 4. Nxd4 Nf6 5. Nc3 d6 6. f4 a6 7. Qf3
Nbd7 8. Be3 Qc7 9. a4 b6 10. Bd3 Bb7 11. f5 e5 12. Nde2 h5 13. Nd5 Bxd5 14.
exd5 Nc5 15. Bxc5 Qxc5 16. Nc3 Qb4 17. O-O Qxb2 18. Rfb1 Qxc3 19. Bb5+ axb5 20.
Qxc3 1-0

[Event "East Detroit (MCO/1/6)"]
[Site "?"]
[Date "1985.??.??"]
[Round "?"]
[White "Nowicki, B.."]
[Black "Simon, P.."]
[Result "0-1"]
[WhiteElo "1605"]
[BlackElo "2295"]
[PlyCount "82"]
[EventDate "1985.??.??"]

{1/(6)} 1. d4 Nf6 2. c4 g6 3. Nc3 Bg7 4. Nf3 O-O 5. e3 d6 6. Bd2 Nbd7 7. Be2 e5
8. h3 e4 9. Nh2 Re8 10. O-O c6 11. b3 h5 12. Rb1 Nf8 13. Kh1 Bf5 14. Rg1 N6h7
15. Qf1 Qh4 16. Be1 Qe7 17. Rd1 Ng5 18. h4 Ngh7 19. g3 Nf6 20. Bd2 a6 21. Bc1
Qd7 22. Na4 Bh3 23. Qe1 Qf5 24. Rd2 N8d7 25. Nc3 c5 26. dxc5 dxc5 27. Nd5 Nxd5
28. Rxd5 Re5 29. Rxe5 Nxe5 30. Bf1 Bxf1 31. Qxf1 Rd8 32. Qg2 Nd3 33. Rf1 Bc3
34. g4 hxg4 35. Nxg4 Kg7 36. Qg3 Rh8 37. f4 exf3 38. Rxf3 Rxh4+ 39. Kg1 Rxg4
40. Rxf5 Rxg3+ 41. Kh2 gxf5 0-1

[Event "East Detroit (MCO/3/43)"]
[Site "?"]
[Date "1985.??.??"]
[Round "?"]
[White "Nowicki, B.."]
[Black "Lynch, W.."]
[Result "1-0"]
[WhiteElo "1605"]
[BlackElo "1605"]
[PlyCount "123"]
[EventDate "1985.??.??"]

{3/(43)} 1. d4 d5 2. c4 e6 3. Nc3 Nf6 4. Nf3 Nbd7 5. e3 c6 6. c5 Qc7 7. g3 e5
8. b4 Be7 9. Bg2 e4 10. Nd2 O-O 11. Bb2 h6 12. Ne2 Nh5 13. g4 Nhf6 14. Ng3 Nxg4
15. Nf5 Ndf6 16. Nxe7+ Qxe7 17. h3 Nxf2 18. Kxf2 Nh7 19. Qe2 Qh4+ 20. Kf1 f5
21. Qf2 Qg5 22. Qf4 Qh5 23. Re1 g5 24. Qg3 f4 25. exf4 g4 26. Kg1 Qf5 27. Rf1
Rf6 28. Bc1 Bd7 29. Nb1 h5 30. h4 Rg6 31. Be3 Nf6 32. Nc3 Ne8 33. Rf2 Ng7 34.
Bf1 Ne6 35. b5 Rf6 36. a4 Kh7 37. bxc6 bxc6 38. Kh2 Rb8 39. Be2 Rb3 40. Rc1 Rf8
41. Bd1 Rb4 42. Bd2 Rxd4 43. Be3 Rd3 44. Ne2 Rg8 45. Bc2 Ra3 46. Rd1 Bc8 47.
Nd4 Nxd4 48. Rxd4 Rxe3 49. Qxe3 g3+ 50. Kg1 gxf2+ 51. Kxf2 Rg4 52. Rxe4 Be6 53.
Bd3 Kg7 54. Rxe6 Rxf4+ 55. Ke2 Qg4+ 56. Kd2 Qg2+ 57. Be2 Re4 58. Rxe4 dxe4 59.
Qg5+ Qxg5+ 60. hxg5 Kg6 61. Ke3 Kxg5 62. Kxe4 1-0

[Event "East Detroit (MCO/4/27)"]
[Site "?"]
[Date "1985.??.??"]
[Round "?"]
[White "Nowicki, B.."]
[Black "Levadi, David"]
[Result "0-1"]
[WhiteElo "1605"]
[BlackElo "1755"]
[PlyCount "50"]
[EventDate "1985.??.??"]

{4/(27)} 1. d4 d5 2. c4 Nf6 3. Nc3 c5 4. dxc5 d4 5. Na4 Nc6 6. Bd2 e5 7. b4 Bf5
8. e3 Be7 9. a3 O-O 10. Nb2 Re8 11. f3 dxe3 12. Bxe3 Qc7 13. Bd3 Rad8 14. Qe2
e4 15. fxe4 Nxe4 16. Bxe4 Bxe4 17. Nf3 Bxf3 18. Qxf3 Bg5 19. Nd1 Rxd1+ 20. Qxd1
Rxe3+ 21. Kf2 Qf4+ 22. Kg1 Nd4 23. g3 Qe4 24. Qb1 Ne2+ 25. Kf2 Qf3+ 0-1

[Event "East Detroit (MCO/6/41)"]
[Site "?"]
[Date "1985.??.??"]
[Round "?"]
[White "Nowicki, B.."]
[Black "Falkowski, Kenneth"]
[Result "1-0"]
[WhiteElo "1605"]
[BlackElo "1605"]
[PlyCount "63"]
[EventDate "1985.??.??"]

{6/(41)} 1. e4 c5 2. Nf3 d6 3. b3 Nf6 4. d3 Bg4 5. Be2 g6 6. O-O Bg7 7. Bb2 O-O
8. Nbd2 Nc6 9. Rb1 Rc8 10. h3 Bxf3 11. Nxf3 a6 12. Nh2 Nb8 13. f4 Nbd7 14. Ng4
Rc7 15. Nxf6+ Nxf6 16. g4 Qd7 17. Kh2 b5 18. g5 Ne8 19. Bxg7 Nxg7 20. Bg4 e6
21. Qe2 c4 22. dxc4 bxc4 23. Rbd1 cxb3 24. cxb3 Rfc8 25. Qxa6 Rc2+ 26. Kg1 Ne8
27. f5 Qc7 28. fxe6 d5 29. exf7+ Kf8 30. fxe8=Q+ Kxe8 31. Qe6+ Qe7 32. Qg8+ 1-0

[Event "Westland (SEMO Res/4/33)"]
[Site "?"]
[Date "1985.??.??"]
[Round "?"]
[White "Nowak, R.."]
[Black "White, B.."]
[Result "0-1"]
[WhiteElo "1605"]
[BlackElo "1605"]
[PlyCount "120"]
[EventDate "1985.??.??"]

{4/(33)} 1. e4 d5 2. exd5 Qxd5 3. Nc3 Qa5 4. d4 Nf6 5. Bd2 c6 6. Bd3 Bg4 7. f3
Bh5 8. Qe2 e6 9. O-O-O Nbd7 10. Kb1 Be7 11. Ne4 Qc7 12. Nh3 Nxe4 13. Qxe4 O-O-O
14. Rde1 Bg6 15. Bf4 Qb6 16. Qe3 Ba3 17. b3 Nf6 18. Be5 Nd5 19. Qf2 Nc3+ 20.
Ka1 f6 21. Bf4 Bb4 22. Bxg6 hxg6 23. Qe3 Rhe8 24. Nf2 Qxd4 25. Qxd4 Rxd4 26.
Be3 Rd5 27. Nd3 a5 28. Bd2 Nxa2 29. Bxb4 Nxb4 30. Nxb4 axb4 31. Kb2 e5 32. Re4
Rd4 33. Rhe1 Red8 34. Rxd4 Rxd4 35. Kc1 Kd7 36. Rd1 Rxd1+ 37. Kxd1 Kd6 38. Kd2
b5 39. h4 f5 40. g3 c5 41. Ke3 Kd5 42. Kd3 e4+ 43. fxe4+ fxe4+ 44. Ke3 Ke5 45.
g4 c4 46. g5 Kf5 47. Kf2 Kf4 48. Ke2 e3 49. Ke1 Kg4 50. Ke2 Kxh4 51. Kxe3 Kxg5
52. Kd4 Kf4 53. bxc4 bxc4 54. Kxc4 g5 55. Kxb4 g4 56. c4 g3 57. c5 g2 58. c6
g1=Q 59. Kb5 Qb1+ 60. Ka6 Qb8 0-1

[Event "Westland (SEMO Res/3/43)"]
[Site "?"]
[Date "1985.??.??"]
[Round "?"]
[White "Nowak, R.."]
[Black "Aguilar, Javier"]
[Result "1-0"]
[WhiteElo "1605"]
[BlackElo "1605"]
[PlyCount "107"]
[EventDate "1985.??.??"]

{3/(43)} 1. e4 e6 2. d4 d5 3. Nc3 Nf6 4. Bg5 dxe4 5. Nxe4 h6 6. Bxf6 gxf6 7.
Nf3 Nc6 8. c3 f5 9. Ng3 h5 10. Bb5 h4 11. Ne2 Bd7 12. Ne5 Nxe5 13. Bxd7+ Nxd7
14. Nf4 Qg5 15. Qf3 O-O-O 16. h3 Bh6 17. g3 e5 18. dxe5 Nxe5 19. Qe3 Rhe8 20.
O-O Nc6 21. Qf3 hxg3 22. fxg3 Rg8 23. Kh2 Rd2+ 24. Rf2 Rgd8 25. Qe3 Rxf2+ 26.
Qxf2 Qe7 27. Re1 Qd7 28. Re2 Bg7 29. c4 Kb8 30. Re1 Ne5 31. b3 Qc6 32. Re3 Rd1
33. Nd5 Qh6 34. Kg2 b6 35. Qe2 Rd4 36. Rxe5 Bxe5 37. Qxe5 Qd2+ 38. Kf3 Rd3+ 39.
Ne3 Qh2 40. Qxf5 Qh1+ 41. Ke2 Rd8 42. Qf1 Qe4 43. Qxf7 Qd3+ 44. Kf3 Qd6 45. Qd5
Rf8+ 46. Kg2 Qf6 47. Qd2 Qc6+ 48. Nd5 Qg6 49. Qe2 Qb1 50. Nxc7 Kxc7 51. Qe7+
Kc6 52. Qxf8 Qc2+ 53. Qf2 Qe4+ 54. Qf3 1-0

[Event "Westland (SEMO/4/3)"]
[Site "?"]
[Date "1985.??.??"]
[Round "?"]
[White "Noren, Kevin"]
[Black "Poschel, Paul"]
[Result "1-0"]
[WhiteElo "2125"]
[BlackElo "2320"]
[PlyCount "63"]
[EventDate "1985.??.??"]

{4/(3)} 1. c4 e5 2. Nc3 Nf6 3. Nf3 d6 4. d4 e4 5. Nd2 Bf5 6. e3 c6 7. Qb3 Qd7
8. f3 exf3 9. Nxf3 Be7 10. Be2 Ne4 11. Nxe4 Bxe4 12. O-O O-O 13. Bd2 Na6 14.
Rf2 Nc7 15. Raf1 f5 16. Bd3 Bf6 17. Bb4 Rfe8 18. Bxe4 fxe4 19. Nd2 Kh8 20. d5
cxd5 21. cxd5 Qb5 22. Rf5 Be5 23. Nxe4 Nxd5 24. Ng5 g6 25. Rf7 Bg7 26. Rxg7
Kxg7 27. Bc3+ Nxc3 28. Qf7+ Kh6 29. Qxh7+ Kxg5 30. h4+ Kg4 31. Qxg6+ Kxh4 32.
Rf4# 1-0

[Event "Westland (SEMO/1b/7)"]
[Site "?"]
[Date "1985.??.??"]
[Round "?"]
[White "Noren, Kevin"]
[Black "Manion, Tom"]
[Result "1/2-1/2"]
[WhiteElo "2125"]
[BlackElo "1820"]
[PlyCount "91"]
[EventDate "1985.??.??"]

1. d4 Nf6 2. Nf3 g6 3. c4 Bg7 4. Nc3 d5 5. cxd5 Nxd5 6. e3 O-O 7. Bc4 Nxc3 8.
bxc3 c5 9. O-O Nc6 10. h3 Bf5 11. Re1 Be4 12. Ng5 Bd5 13. Bd3 cxd4 14. exd4 Na5
15. Qe2 Qc7 16. Rb1 Rfe8 17. Rb5 Bc6 18. Rc5 b6 19. Nxf7 Kxf7 20. Qe6+ Kf8 21.
Bc4 Nxc4 22. Rxc6 Qb7 23. Rxc4 Rac8 24. Re3 Rxc4 25. Qxc4 Bf6 26. Rf3 Kg7 27.
Qe6 Rc8 28. h4 Qc6 29. Qe3 Qd5 30. Qh6+ Kg8 31. Rg3 Bg7 32. Qe3 Bf6 33. h5 Kf7
34. hxg6+ hxg6 35. Qe2 Qh5 36. Qxh5 gxh5 37. Bf4 Rc4 38. Rd3 Ra4 39. Rd2 Rc4
40. Rd3 Ra4 41. Rd2 Rc4 42. Bb8 a6 43. Ba7 b5 44. Rd3 Ra4 45. Rd2 Rc4 46. Rd3
1/2-1/2

[Event "Westland (SEMO/2/9)"]
[Site "?"]
[Date "1985.??.??"]
[Round "?"]
[White "Noren, Kevin"]
[Black "Libby, Dan"]
[Result "1-0"]
[WhiteElo "2125"]
[BlackElo "1700"]
[PlyCount "39"]
[EventDate "1985.??.??"]

{2/(9)} 1. d4 Nf6 2. Nf3 g6 3. c4 d5 4. cxd5 Qxd5 5. Nc3 Qd8 6. e4 c6 7. Bc4 e6
8. O-O Bg7 9. Bg5 h6 10. Be3 O-O 11. h3 b5 12. Bd3 Nbd7 13. e5 Ne8 14. Qd2 h5
15. Ne4 Nc7 16. Bg5 f6 17. exf6 Nxf6 18. Nxf6+ Rxf6 19. Bxg6 Bh6 20. Bxf6 1-0

[Event "East Lansing (MI Op/4/11)"]
[Site "?"]
[Date "1985.??.??"]
[Round "?"]
[White "Norcross, John"]
[Black "Mitchell, S.."]
[Result "1/2-1/2"]
[WhiteElo "2065"]
[BlackElo "1960"]
[PlyCount "65"]
[EventDate "1985.??.??"]

{4/(11)} 1. e4 c5 2. d4 e6 3. Nf3 Nf6 4. e5 Nd5 5. c4 Nb6 6. Nc3 cxd4 7. Nxd4
Nc6 8. Bf4 a6 9. a3 d5 10. Nxc6 bxc6 11. Qf3 Qc7 12. cxd5 cxd5 13. Rc1 Qb7 14.
Be2 Bd7 15. O-O Rc8 16. b4 Be7 17. Rfd1 O-O 18. Bd3 f5 19. h3 Na4 20. Nxa4 Bxa4
21. Rxc8 Rxc8 22. Rc1 Rxc1+ 23. Bxc1 Qc6 24. Bd2 Bb5 25. Bxb5 axb5 26. Qc3 Qxc3
27. Bxc3 Bd8 28. Kf1 Bb6 29. f3 Kf7 30. Ke2 Ke7 31. Kd3 Kd7 32. Bd2 Kc6 33. Bc3
1/2-1/2

[Event "East Lansing (MI Op/6/4)"]
[Site "?"]
[Date "1985.??.??"]
[Round "?"]
[White "Norcross, John"]
[Black "Czuhai, Kevin"]
[Result "1/2-1/2"]
[WhiteElo "2065"]
[BlackElo "2225"]
[PlyCount "70"]
[EventDate "1985.??.??"]

{6/(4)} 1. e4 c5 2. d4 cxd4 3. c3 dxc3 4. Nxc3 Nc6 5. Bc4 e6 6. Nf3 a6 7. Bf4
Bb4 8. O-O Nge7 9. e5 Ng6 10. Bg3 h5 11. Bd3 h4 12. Bxg6 hxg3 13. Bc2 gxh2+ 14.
Kh1 d5 15. exd6 Qxd6 16. Qe2 Bxc3 17. bxc3 Bd7 18. Qe3 Rh5 19. Rfe1 O-O-O 20.
Ng5 Be8 21. Rab1 Rd7 22. Ne4 Qc7 23. f4 Ne7 24. Ba4 Rd8 25. Qf3 Rhd5 26. Bxe8
Rxe8 27. c4 Rd4 28. c5 Nf5 29. g4 Rxe4 30. Rxe4 Nh4 31. Qe3 Qc6 32. Rb6 Qd5 33.
Qd4 Qxa2 34. Qb2 Qd5 35. Qd4 Qa2 1/2-1/2

[Event "East Lansing (MI Op/2/18)"]
[Site "?"]
[Date "1985.??.??"]
[Round "?"]
[White "Norcross, John"]
[Black "Chandler, P.."]
[Result "1-0"]
[WhiteElo "2065"]
[BlackElo "1900"]
[PlyCount "89"]
[EventDate "1985.??.??"]

{2/(18)} 1. e4 c5 2. d4 cxd4 3. c3 Nf6 4. e5 Nd5 5. Qxd4 e6 6. Nf3 Nc6 7. Qe4
d6 8. Bb5 Bd7 9. Bc4 Nb6 10. Bb3 dxe5 11. Nxe5 Nxe5 12. Qxe5 Bc6 13. O-O Qd6
14. Qh5 Bd5 15. Be3 Bxb3 16. axb3 Nd5 17. Bd4 Nf4 18. Qf3 Nd5 19. Re1 Qc6 20.
Nd2 a6 21. Nc4 Ne7 22. Qh5 Ng6 23. Rad1 O-O-O 24. g3 f6 25. Qe2 Re8 26. b4 e5
27. Bc5 Bxc5 28. bxc5 Rd8 29. Nd6+ Kb8 30. b4 Ne7 31. c4 Rhf8 32. Qe3 Nc8 33.
b5 Qc7 34. bxa6 Nxd6 35. cxd6 Rxd6 36. Rxd6 Qxd6 37. axb7 Rf7 38. Qe4 g6 39.
Rb1 Qa6 40. Qd5 Rxb7 41. Rc1 Rc7 42. c5 Qc6 43. Qg8+ Rc8 44. Qxh7 Qd5 45. Ra1
1-0

[Event "Westland (SEMO Res/1b/23)"]
[Site "?"]
[Date "1985.??.??"]
[Round "?"]
[White "Nixon, Peter"]
[Black "Loop, J.."]
[Result "1-0"]
[WhiteElo "1605"]
[BlackElo "1605"]
[PlyCount "25"]
[EventDate "1985.??.??"]

1. d4 d5 2. c4 Nf6 3. Bg5 Nc6 4. Nc3 Bf5 5. Nf3 e6 6. e3 Bb4 7. c5 b6 8. Qa4
Qd7 9. Bb5 Bxc3+ 10. bxc3 O-O-O 11. Bxc6 Bc2 12. Qa6+ Kb8 13. Qb7# 1-0

[Event "East Detroit (MCO/1/20)"]
[Site "?"]
[Date "1985.??.??"]
[Round "?"]
[White "Nixon, Peter"]
[Black "Jarosz, Stan"]
[Result "0-1"]
[WhiteElo "1605"]
[BlackElo "2030"]
[PlyCount "66"]
[EventDate "1985.??.??"]

{1/(20)} 1. Nf3 d5 2. d4 Nf6 3. c4 e6 4. Bg5 Be7 5. Nc3 h6 6. Bh4 O-O 7. e3 b6
8. Bd3 Bb7 9. cxd5 Nxd5 10. e4 Nxc3 11. Bxe7 Nxd1 12. Bxd8 Nxb2 13. Bc2 Rxd8
14. O-O Nc4 15. Rfe1 Nc6 16. Rad1 Nb4 17. Bb3 Na5 18. Rd2 Nxb3 19. axb3 a5 20.
Rc1 Na6 21. Re1 Rd6 22. e5 Rd5 23. Re3 Rad8 24. Re4 Rb5 25. Re3 Bxf3 26. gxf3
Rbd5 27. Re4 c5 28. Rc2 Rxd4 29. Re3 Rd3 30. Rc3 Nb4 31. Kf1 Rxc3 32. Rxc3 Rd3
33. Rc1 Rxb3 0-1

[Event "Westland (SEMO Res/3/34)"]
[Site "?"]
[Date "1985.??.??"]
[Round "?"]
[White "Nixon, Peter"]
[Black "Hargett, D.."]
[Result "0-1"]
[WhiteElo "1605"]
[BlackElo "1605"]
[PlyCount "98"]
[EventDate "1985.??.??"]

{3/(34)} 1. d4 d5 2. c4 Bf5 3. Nc3 e6 4. Bf4 Bd6 5. Qd2 Nf6 6. Bg5 Be7 7. Nf3
Nbd7 8. e3 c5 9. Bd3 Ne4 10. Bxe4 dxe4 11. Bxe7 Qxe7 12. Ne5 Nxe5 13. dxe5 Rd8
14. Qc2 a6 15. O-O O-O 16. Nxe4 Qh4 17. f4 Qh6 18. Rad1 Qg6 19. Rd6 Bxe4 20.
Qd2 Rc8 21. Rd1 h5 22. Qf2 f6 23. Rxe6 Qg4 24. Rdd6 Rcd8 25. h3 Rxd6 26. hxg4
Rxe6 27. gxh5 fxe5 28. Qg3 exf4 29. Qg5 fxe3 30. Qxe3 Rf5 31. g4 Rf3 32. Qxc5
Rg3+ 33. Kh2 Rg2+ 34. Kh3 Rf6 35. Qc8+ Kh7 36. Qe8 Rf3+ 37. Kxg2 Rf8+ 38. Kg1
Rxe8 39. Kf2 g6 40. Kg3 gxh5 41. gxh5 Rf8 42. Kg4 Bb1 43. Kg5 Bxa2 44. Kh4 Rg8
45. Kh3 Kh6 46. Kh4 Rg5 47. c5 Rxh5+ 48. Kg4 Rg5+ 49. Kf4 a5 0-1

[Event "East Detroit (MCO/5/25)"]
[Site "?"]
[Date "1985.??.??"]
[Round "?"]
[White "Nixon, Peter"]
[Black "Goldman, S.."]
[Result "1-0"]
[WhiteElo "1605"]
[BlackElo "1830"]
[PlyCount "97"]
[EventDate "1985.??.??"]

{5/(25)} 1. e4 e6 2. d4 d5 3. e5 c5 4. c4 Nc6 5. Nf3 cxd4 6. Nxd4 Nxe5 7. cxd5
Qxd5 8. Nc3 Qd8 9. Bf4 Ng6 10. Bg3 a6 11. Be2 Bd7 12. O-O Bc5 13. Ne4 Qb6 14.
Nb3 Be7 15. Rc1 e5 16. Nec5 Bc6 17. Bf3 Rd8 18. Bxc6+ Qxc6 19. Qe2 Rd5 20. Nd3
Qb5 21. Rfd1 Nf6 22. Rc8+ Bd8 23. Nbc5 O-O 24. Qc2 b6 25. a4 Qe8 26. Nxa6 Qd7
27. Nab4 Ra5 28. Nxe5 Qxa4 29. Qxa4 Rxa4 30. Nbc6 Nxe5 31. Bxe5 Rc4 32. Ne7+
Bxe7 33. Rxc4 h6 34. Rc7 Bd8 35. Rc8 Be7 36. Rc6 Bd8 37. Bxf6 gxf6 38. Rcd6 Bc7
39. Rxf6 Kg7 40. Rc6 Bd8 41. Rc8 Be7 42. Rxf8 Bxf8 43. Kf1 Bc5 44. Ke2 Kf6 45.
f3 Ke7 46. g4 Bd6 47. h4 f6 48. Rd5 Ke6 49. Rb5 1-0

[Event "East Detroit (MCO/3/25)"]
[Site "?"]
[Date "1985.??.??"]
[Round "?"]
[White "Nixon, Peter"]
[Black "Franke, R.."]
[Result "0-1"]
[WhiteElo "1605"]
[BlackElo "1905"]
[PlyCount "62"]
[EventDate "1985.??.??"]

{3/(25)} 1. Nf3 Nf6 2. d4 d5 3. c4 e6 4. Bg5 Be7 5. Nc3 h6 6. Bh4 O-O 7. e3 b6
8. Bd3 Bb7 9. O-O dxc4 10. Bxc4 Nbd7 11. Re1 c5 12. d5 Nxd5 13. Bxe7 Nxe7 14.
e4 Nf6 15. e5 Nfd5 16. Qc2 Nxc3 17. Qxc3 Qc7 18. Rad1 Rfd8 19. Rd3 Rxd3 20.
Qxd3 Rd8 21. Qc3 Nf5 22. Bd3 Nd4 23. Nxd4 Rxd4 24. Bb1 Qd8 25. Qc2 g6 26. h3
Rd2 27. Qc1 Qd4 28. Rf1 Ba6 29. Kh2 Bxf1 30. Qxf1 Rd1 31. Qa6 Qf4+ 0-1

[Event "Westland (SEMO/2/13)"]
[Site "?"]
[Date "1985.??.??"]
[Round "?"]
[White "Nikolovski, Oliver"]
[Black "Murray, David"]
[Result "0-1"]
[WhiteElo "1960"]
[BlackElo "2060"]
[PlyCount "120"]
[EventDate "1985.??.??"]

{2/(13)} 1. e4 c5 2. Nf3 d6 3. b4 cxb4 4. d4 Bg4 5. Bc4 Nf6 6. e5 Qc8 7. Nbd2
d5 8. Bd3 Nfd7 9. h3 Bh5 10. e6 fxe6 11. g4 Bf7 12. Ng5 g6 13. Qf3 Bg8 14. Bb2
Nc6 15. Qe3 Bg7 16. f4 Qc7 17. Ndf3 O-O-O 18. Ne5 h6 19. Ngf3 Ndxe5 20. fxe5 g5
21. h4 gxh4 22. Rxh4 Bf7 23. a3 Kb8 24. Qd2 Qb6 25. Ke2 Rhf8 26. g5 hxg5 27.
Qxg5 Rg8 28. Bh7 Bf6 29. exf6 Rxg5 30. Nxg5 Rf8 31. fxe7 Nxe7 32. Rf1 Nf5 33.
Bxf5 exf5 34. Nxf7 Rxf7 35. Rh8+ Kc7 36. Bc1 Qe6+ 37. Kd1 f4 38. Rxf4 Re7 39.
Bd2 Qe2+ 40. Kc1 Rg7 41. Rh1 bxa3 42. Rf8 a2 43. Bf4+ Kc6 44. Rf6+ Kb5 45. Kb2
Rg2 46. Rc1 Qc4 47. Be5 Ka4 48. Rf3 Rxc2+ 49. Rxc2 a1=Q+ 50. Kxa1 Qxc2 51. Rg3
b5 52. Bd6 b4 53. Bxb4 Qc1+ 54. Ka2 Qc4+ 55. Ka1 Qxb4 56. Rg8 Qxd4+ 57. Ka2
Qd2+ 58. Ka1 d4 59. Rh8 d3 60. Rh4+ Ka3 0-1

[Event "East Detroit (MCO/4/2)"]
[Site "?"]
[Date "1985.??.??"]
[Round "?"]
[White "Nickoloff, B.."]
[Black "Mazuchowski, Tom"]
[Result "1-0"]
[WhiteElo "2485"]
[BlackElo "2105"]
[PlyCount "79"]
[EventDate "1985.??.??"]

{4/(2)} 1. d4 Nf6 2. c4 e6 3. Nc3 d5 4. Bg5 Be7 5. Nf3 O-O 6. Rc1 h6 7. Bh4 b6
8. cxd5 Nxd5 9. Nxd5 exd5 10. Bxe7 Qxe7 11. g3 Re8 12. Bg2 Ba6 13. Ne5 c6 14.
e3 Qd6 15. Qb3 Rd8 16. e4 Qe6 17. exd5 cxd5 18. Qe3 Nd7 19. Kd2 Nxe5 20. dxe5
d4 21. Qa3 Bc4 22. Bxa8 Rxa8 23. Qd6 Qf5 24. Qxd4 Bxa2 25. Ke3 Re8 26. f4 g5
27. Qe4 Qe6 28. Kf2 Bd5 29. Qd4 Bxh1 30. Rxh1 Rc8 31. Rd1 Qh3 32. Kg1 Rc2 33.
Rd2 Rc1+ 34. Rd1 Rc2 35. Qd8+ Kh7 36. Qd3+ Kg7 37. Qxc2 Qg4 38. Rf1 Qd7 39. Qf2
g4 40. f5 1-0

[Event "East Detroit (MCO/2/2)"]
[Site "?"]
[Date "1985.??.??"]
[Round "?"]
[White "Nickoloff, B.."]
[Black "Gipson, John"]
[Result "1-0"]
[WhiteElo "2485"]
[BlackElo "1930"]
[PlyCount "67"]
[EventDate "1985.??.??"]

{2/(2)} 1. d4 d5 2. c4 e6 3. Nf3 Nf6 4. Nc3 Nbd7 5. Bg5 Be7 6. e3 Ne4 7. Bxe7
Qxe7 8. Rc1 c6 9. Qc2 f5 10. Bd3 O-O 11. O-O Ndf6 12. Ne5 Nxc3 13. Qxc3 Ne4 14.
Qc2 Bd7 15. c5 Rad8 16. f4 Rf6 17. Qe2 Be8 18. Qe1 Rh6 19. Rc2 Bh5 20. b4 Kh8
21. Bxe4 dxe4 22. a4 g5 23. Qg3 Rg8 24. b5 gxf4 25. Qxf4 Qg7 26. bxc6 bxc6 27.
Rb2 Be8 28. a5 Qf6 29. Nc4 Rhg6 30. Qe5 h5 31. a6 h4 32. Rf4 R8g7 33. Qxf6 Rxf6
34. Rb8 1-0

[Event "East Detroit (MCO/6/1)"]
[Site "?"]
[Date "1985.??.??"]
[Round "?"]
[White "Nickoloff, B.."]
[Black "Blocker, C.."]
[Result "1/2-1/2"]
[WhiteElo "2485"]
[BlackElo "2530"]
[PlyCount "23"]
[EventDate "1985.??.??"]

{6/(1)} 1. d4 Nf6 2. c4 e6 3. Nf3 b6 4. g3 Ba6 5. b3 Bb4+ 6. Bd2 Be7 7. Nc3 c6
8. e4 d5 9. e5 Ne4 10. Bd3 Nxc3 11. Bxc3 c5 12. dxc5 1/2-1/2